000 00293nam a22001337a 4500
008 171018b xxu||||| |||| 00| 0 eng d
020 _a2900073102763
041 _aeng
080 _a338
100 _a53
101 _aMEN
245 _aESSENTIALS NEGOTATION
_cLEWICKI.R.J
942 _2udc
_cBK
999 _c34599
_d34599